| 000 | 00560nam a22001817a 4500 | ||
|---|---|---|---|
| 999 |
_c183848 _d183848 |
||
| 005 | 20220106112259.0 | ||
| 010 | _aENG-130968 | ||
| 020 |
_a978-93-896-48-881 _c499.00 |
||
| 035 | _aEN-114500 | ||
| 037 | _bDBAD | ||
| 082 | _aS | ||
| 100 | _aRoy, Bhavna | ||
| 245 |
_aDharma: _cAmish & Bhavna Roy _bDecoding The Epics For A Meaningful Life/ |
||
| 260 |
_aNew Delhi _bViva Books Private Limited _c2021 |
||
| 270 |
_bNew Delhi _e110002 _a4737/23, Ansari Road, Daryaganj _mvivadelhi@vivagroupindia.net |
||
| 300 |
_a198p. _c18cm(hbk) |
||
| 942 |
_2ddc _cEN _hS _mROY |
||